Normal view MARC view
  • Design for good acoustics

Entry Topical Term

Number of records used in: 1

001 - CONTROL NUMBER

  • control field: 103892

003 - CONTROL NUMBER IDENTIFIER

  • control field: NUST

005 - DATE AND TIME OF LATEST TRANSACTION

  • control field: 20221201121233.0

008 - FIXED-LENGTH DATA ELEMENTS

  • fixed length control field: 221201|| aca||aabn | a|a d

040 ## - CATALOGING SOURCE

  • Original cataloging agency: NUST
  • Transcribing agency: NUST

150 ## - HEADING--TOPICAL TERM

  • Topical term or geographic name entry element: Design for good acoustics

670 ## - SOURCE DATA FOUND

  • Source citation: Work cat.: (NUST)184037: Moore, John Edwin. 45426, Design for good acoustics / , [1961]
© 2023 Central Library, National University of Sciences and Technology. All Rights Reserved.